| 000 | 00887nam a22002657a 4500 | ||
|---|---|---|---|
| 005 | 2011081200250.0 | ||
| 008 | 110812t xxu||||| |||| 00| 0 eng d | ||
| 010 | _aENG-103294 | ||
| 020 |
_c650.00 _a9788179102473 |
||
| 035 | _aEN-86827 | ||
| 037 | _bDBAD/PUB | ||
| 040 |
_aDPL _bEng |
||
| 082 | _a155.9 | ||
| 100 |
_931629 _aBhargava, S. K |
||
| 245 |
_aStress and its prevention / _cby S.K. Bhargava |
||
| 260 |
_aJaipur _bAavishkar Publishers _c2008 |
||
| 270 |
_a807, Vyas Building, Chaura Rasta _bJaipur _e302003 |
||
| 300 |
_avi,200p. _c23cm (Hb) |
||
| 500 | _aIncludes bibliographical references and index | ||
| 650 | _931639 | ||
| 651 | _932726 | ||
| 700 | _931640 | ||
| 942 |
_2ddc _cEN _mBHA _h155.9 |
||
| 999 |
_c55367 _d55367 |
||